000 00602nam a22001577a 4500
999 _c63341
_d63341
005 20250919153713.0
008 250919s1994 gw ||||| |||| 00| 0 goh d
020 _a9783411046812x
041 _agoh
080 _a81'112.2'36 D-84
245 _aDuden, Reden gut und richtig halten!: /
_b Ratgeber für wirkungsvolles und modernes Reden.
264 _aMunnhein
_bDudenverlag,
_c1994.
300 _a698 p.;
_b23 cm.
653 _aეფექტური და თანამედროვე მეტყველების სახელმძღვანელო
942 _2udc
_cᲬᲘᲒᲜᲘ